000 00829nam a2200217Ii 4500
003 JO-AjNU
008 230605s9999||||xx |||||||||||||| ||und||
017 _a2001/2/417
040 _aJO-AjNU
_bara
_erda
_cJO-AjNU
041 _aara
050 1 4 _aG155.A1.I3222 2001
100 3 _aتاليف أبو رحمة، مروان ... وآخرون: م.مشارك أنس بليبل، م. مشارك ريما الحناوي، م. مشارك هديل الحسن,
_eauthor
_951093
245 0 0 _aادارة المنشآت السياحية
250 _aط1
264 3 1 _aعمان: دار البركة للنشر والتوزيع، 2001
300 _a79ص
336 _atext
_btxt
_2rdacontent
337 _aunmediated
_bn
_2rdamedia
338 _avolume
_bnc
_2rdacarrier
650 4 _aالسياحة - الادارة - الاردن
_951094
999 _aA22547
_c26115
_d26115